| 000 | 00823nam a2200253 a 4500 | ||
|---|---|---|---|
| 001 | BRCA_5615 | ||
| 005 | 20190320205143.0 | ||
| 008 | 210211s1923----enka######---#001-0#eng-# | ||
| 041 | _aeng | ||
| 044 | _aenk | ||
| 050 | 4 |
_aNK1444 _b.J68 1923 |
|
| 100 | 1 |
_aJourdain, M. _914310 |
|
| 245 | 1 | 0 |
_aEnglish interiors in smaller houses, from the Restoration to the Regency, 1660-1830 _cby M. Jourdain. |
| 260 |
_aLondres _bStrangeways _c[1923?] |
||
| 300 |
_a202 p. _bil., láminas _c31 cm. |
||
| 440 | 0 |
_aBatsford´s library of decorative art _914311 |
|
| 500 | _aF93 | ||
| 650 | 1 | 4 |
_aDecoración y ornamentación _zInglaterra _914312 |
| 650 | 1 | 4 |
_aArquitectura doméstica _zInglaterra _914313 |
| 650 | 1 | 4 |
_aDecoración y ornamentación _xHistoria _91924 |
| 650 | 1 | 4 |
_aMuebles ingleses _99632 |
| 902 | _aGFM | ||
| 942 |
_2lcc _cB |
||
| 999 |
_c5309 _d5309 |
||